[Event "AUT-ch Vor1 Internet (Women)"]
[Site "Playchess.com INT"]
[Date "2020.05.30"]
[Round "6"]
[White "Chen, Qingxia"]
[Black "Moerwald, Miriam"]
[Result "0-1"]
[WhiteElo "1776"]
[BlackElo "1760"]
[PlyCount "60"]
[EventDate "2020.05.30"]
[EventType "swiss (blitz)"]
[EventRounds "9"]
[EventCountry "AUT"]
[SourceTitle "CBM 196 Extra"]
[Source "ChessBase"]
[SourceDate "2020.07.31"]
[SourceVersion "1"]
[SourceVersionDate "2020.07.31"]
[SourceQuality "1"]

1. e4 e6 2. d4 d5 3. exd5 exd5 4. Nc3 Nf6 5. Bd3 c6 6. Bg5 Be7 7. Qd2 Bg4 8. f3 Bh5 9. 0-0-0 0-0 10. Re1 Re8 11. Kb1 Nbd7 12. g4 Bg6 13. h4 Bxd3 14. cxd3 Qb6 15. Nge2 a5 16. Nc1 Qxd4 17. Nb3 Qb6 18. Na4 Qb5 19. Nc3 Qa6 20. Na4 b5 21. Nc3 a4 22. Nd4 b4 23. Nd1 c5 24. Nf5 Bf8 25. Rxe8 Rxe8 26. Nde3 Ne5 27. Bxf6 gxf6 28. Rd1 Nxf3 29. Qe2 Nd4 30. Nxd4 cxd4 0-1

[Event "AUT-ch Vor1 Internet (Women)"]
[Site "Playchess.com INT"]
[Date "2020.05.30"]
[Round "1"]
[White "Katter, Marlene"]
[Black "Chen, Qingxia"]
[Result "1-0"]
[WhiteElo "1609"]
[BlackElo "1776"]
[PlyCount "157"]
[EventDate "2020.05.30"]
[EventType "swiss (blitz)"]
[EventRounds "9"]
[EventCountry "AUT"]
[SourceTitle "CBM 196 Extra"]
[Source "ChessBase"]
[SourceDate "2020.07.31"]
[SourceVersion "1"]
[SourceVersionDate "2020.07.31"]
[SourceQuality "1"]

1. d4 d5 2. Bf4 Nf6 3. e3 e6 4. c3 Bd6 5. Bg3 0-0 6. Nf3 Nbd7 7. Bd3 h6 8. Nbd2 c5 9. Bc2 Be7 10. Qe2 c4 11. Ne5 Re8 12. f4 Nf8 13. 0-0 Bd7 14. Ndf3 b5 15. a3 Rc8 16. Be1 a5 17. Nxd7 Qxd7 18. Ne5 Qd8 19. Qf2 Ne4 20. Bxe4 dxe4 21. Qg3 Bf6 22. Qg4 Qd6 23. Qg3 Red8 24. Ng4 Kh7 25. Ne5 Qe7 26. Qg4 Ng6 27. Nxg6 fxg6 28. Qe2 Qd7 29. Qc2 Qd5 30. Bg3 Qf5 31. Rad1 a4 32. Rde1 h5 33. Bf2 Kg8 34. Rd1 Kf7 35. Qe2 Rd5 36. Rd2 Be7 37. Rfd1 Rh8 38. Qe1 h4 39. h3 Ke8 40. Qe2 g5 41. Kh2 g4 42. Qxg4 Qxg4 43. hxg4 h3 44. gxh3 Kf7 45. Kg3 g5 46. fxg5 Rxg5 47. Rf1 Rhg8 48. Bg1+ Ke8 49. Rdf2 Bd6+ 50. Kg2 R5g6 51. Rf6 Rxf6 52. Rxf6 Ke7 53. Rf1 Rf8 54. Rxf8 Kxf8 55. Bf2 Kg7 56. Bg3 Be7 57. Be5+ Kg6 58. Kg3 Kg5 59. Bf4+ Kg6 60. h4 Bf8 61. h5+ Kg7 62. Kh4 Kh7 63. g5 Kg7 64. Kg4 Kh7 65. Be5 Bg7 66. Bxg7 Kxg7 67. Kf4 Kf7 68. Kxe4 Kg7 69. Kf4 Kh7 70. e4 Kg7 71. d5 exd5 72. exd5 Kf7 73. g6+ Kg7 74. d6 Kh6 75. d7 Kxh5 76. d8Q Kxg6 77. Qg5+ Kf7 78. Ke5 Kf8 79. Ke6 1-0

[Event "AUT-ch Vor3 Internet"]
[Site "Playchess.com INT"]
[Date "2020.04.17"]
[Round "4"]
[White "Strasser, Josef1111"]
[Black "Chen, Qingxia"]
[Result "1-0"]
[WhiteElo "1829"]
[BlackElo "1776"]
[PlyCount "83"]
[EventDate "2020.04.17"]
[EventType "swiss (blitz)"]
[EventRounds "9"]
[EventCountry "AUT"]
[SourceTitle "CBM 195 Extra"]
[Source "ChessBase"]
[SourceDate "2020.05.31"]
[SourceVersion "1"]
[SourceVersionDate "2020.05.31"]
[SourceQuality "1"]

1. d4 d5 2. Nf3 Nf6 3. Bf4 e6 4. e3 Nbd7 5. Bd3 c5 6. c4 Be7 7. cxd5 Nxd5 8. Bg3 0-0 9. 0-0 h6 10. Nc3 Nb4 11. Bb1 Re8 12. a3 Nc6 13. Qc2 Nf8 14. Rd1 c4 15. d5 exd5 16. Nxd5 Qa5 17. Nc7 Bg4 18. Nxe8 Rxe8 19. Ba2 Bxf3 20. gxf3 Qh5 21. Kg2 b5 22. b3 Bf6 23. bxc4 Bxa1 24. Rxa1 Ne7 25. c5 Nf5 26. e4 Nd4 27. Qd1 Rd8 28. Bd5 Nde6 29. c6 Ng5 30. c7 Rc8 31. f4 Qh3+ 32. Kg1 Nf3+ 33. Qxf3 Rxc7 34. Rd1 Ng6 35. e5 Nh4 36. Bxh4 Qxf3 37. Bxf3 Rc3 38. Kg2 Rxa3 39. Be4 g6 40. Bf6 Kh7 41. Rd8 h5 42. Rh8# 1-0

[Event "AUT-ch Vor1 Internet"]
[Site "Playchess.com INT"]
[Date "2020.04.11"]
[Round "4"]
[White "Chen, Qingxia"]
[Black "Moerwald, Miriam"]
[Result "1/2-1/2"]
[WhiteElo "1776"]
[BlackElo "1760"]
[PlyCount "165"]
[EventDate "2020.04.11"]
[EventType "swiss (blitz)"]
[EventRounds "9"]
[EventCountry "AUT"]
[SourceTitle "CBM 195 Extra"]
[Source "ChessBase"]
[SourceDate "2020.05.31"]
[SourceVersion "1"]
[SourceVersionDate "2020.05.31"]
[SourceQuality "1"]

1. e4 e6 2. Nf3 d5 3. exd5 exd5 4. d4 Bd6 5. Bd3 Bg4 6. 0-0 Ne7 7. Re1 Nd7 8. Nbd2 Nf6 9. h3 Bh5 10. c4 c6 11. c5 Bc7 12. Qb3 Rb8 13. Ne5 0-0 14. g4 Bg6 15. Ndf3 Bxd3 16. Qxd3 Ne4 17. Kg2 f6 18. Nc4 Re8 19. Ne3 Ng6 20. Nf5 Bf4 21. Kf1 Bxc1 22. Raxc1 Nf4 23. Qb3 Nxh3 24. Nd6 Nxd6 25. Rxe8+ Nxe8 26. Re1 Nc7 27. Qe3 Qe8 28. Qd2 Qf7 29. Kg2 Ng5 30. Nh4 Ne4 31. Qf4 Re8 32. Nf5 Qd7 33. Nh4 g5 34. Qf5 Qxf5 35. Nxf5 Kf7 36. f3 Nd2 37. Nd6+ Kg6 38. Nxe8 Nxe8 39. Rxe8 Nc4 40. Re2 b6 41. b3 Na5 42. cxb6 axb6 43. b4 Nc4 44. Kg3 Nd6 45. a4 Nc4 46. b5 cxb5 47. axb5 Nd6 48. Rb2 Nc4 49. Rc2 Nd6 50. Rc6 Nc4 51. Rc7 Nd6 52. Rd7 Nxb5 53. Rxd5 Nc3 54. Rd6 Na4 55. Rc6 Kf7 56. d5 Ke7 57. d6+ Kd7 58. Rc7+ Kxd6 59. Rxh7 b5 60. Rh6 Ke5 61. Rh7 b4 62. Rb7 Nc5 63. Rxb4 Nd3 64. Rb5+ Ke6 65. Rf5 Nf4 66. Rxf4 gxf4+ 67. Kxf4 Kf7 68. Kf5 Kg7 69. f4 Kf7 70. g5 fxg5 71. Kxg5 Kg7 72. Kf5 Kf7 73. Ke5 Ke7 74. Kf5 Kf7 75. Kg5 Kg7 76. f5 Kf7 77. f6 Kf8 78. Kg6 Kg8 79. Kf5 Kf7 80. Ke5 Kf8 81. Ke6 Ke8 82. f7+ Kf8 83. Kf6 1/2-1/2

[Event "AUT-ch Vor1 Internet"]
[Site "Playchess.com INT"]
[Date "2020.04.11"]
[Round "8"]
[White "Chen, Qingxia"]
[Black "Schein, Alexander"]
[Result "0-1"]
[WhiteElo "1776"]
[BlackElo "1631"]
[PlyCount "56"]
[EventDate "2020.04.11"]
[EventType "swiss (blitz)"]
[EventRounds "9"]
[EventCountry "AUT"]
[SourceTitle "CBM 195 Extra"]
[Source "ChessBase"]
[SourceDate "2020.05.31"]
[SourceVersion "1"]
[SourceVersionDate "2020.05.31"]
[SourceQuality "1"]

1. e4 d5 2. exd5 Nf6 3. d4 Nxd5 4. Nf3 Bg4 5. h3 Bh5 6. Nbd2 Nc6 7. c3 e5 8. Qa4 exd4 9. Nxd4 Qe7+ 10. Be2 Nf4 11. g4 Nxe2 12. Nxe2 Bg6 13. Nf3 Be4 14. 0-0 Bxf3 15. Nd4 Bd5 16. Bf4 0-0-0 17. Rfe1 Qh4 18. Re3 Kb8 19. Rae1 Bc5 20. Bg3 Qh6 21. Nxc6+ Bxc6 22. Qa5 Bxe3 23. Rxe3 b6 24. Qe5 Qd6 25. Qg5 Qd1+ 26. Kh2 g6 27. f3 Qd2+ 28. Kg1 Qc1+ 0-1

[Event "AUT-ch Vor1 Internet"]
[Site "Playchess.com INT"]
[Date "2020.04.11"]
[Round "3"]
[White "Kellner, Nikolaus"]
[Black "Chen, Qingxia"]
[Result "0-1"]
[WhiteElo "1685"]
[BlackElo "1776"]
[PlyCount "50"]
[EventDate "2020.04.11"]
[EventType "swiss (blitz)"]
[EventRounds "9"]
[EventCountry "AUT"]
[SourceTitle "CBM 195 Extra"]
[Source "ChessBase"]
[SourceDate "2020.05.31"]
[SourceVersion "1"]
[SourceVersionDate "2020.05.31"]
[SourceQuality "1"]

1. g4 e5 2. c4 Nc6 3. Nc3 Bc5 4. d3 Qh4 5. e3 a6 6. h3 d6 7. Nf3 Qd8 8. d4 exd4 9. Nxd4 Nf6 10. Nd5 Nxd5 11. cxd5 Nxd4 12. exd4 Qe7+ 13. Be3 Bb4+ 14. Ke2 0-0 15. a3 Ba5 16. b4 Bb6 17. Qd3 Qh4 18. Bg2 Re8 19. f3 Bd7 20. Kd2 Bb5 21. Qc3 Qg3 22. Rhg1 Re7 23. Bh1 Qh4 24. Rae1 Rae8 25. f4 Rxe3 0-1